|
|
|
|
| LEADER |
01899pam a2200361Ia 4500 |
| 001 |
9780203449950 |
| 003 |
FlBoTFG |
| 005 |
20091230162920.0 |
| 006 |
a|||||s||||||||||| |
| 007 |
cr|||| |
| 008 |
031112s2004 enkab sb 001 0beng d |
| 020 |
|
|
|a 9780203449950 (e-book : PDF)
|
| 040 |
|
|
|a FlBoTFG
|c FlBoTFG
|d GrThAP
|
| 043 |
|
|
|a e------
|a ff-----
|a aw-----
|
| 090 |
|
|
|a DG315
|b .O33 2004
|
| 092 |
|
|
|a 937.08092
|b O22
|
| 100 |
1 |
|
|a Odahl, Charles M.
|q (Charles Matson),
|d 1944-
|
| 245 |
1 |
0 |
|a Constantine and the Christian empire
|h [electronic resource] /
|c Charles Matson Odahl.
|
| 260 |
|
|
|a London ;
|a New York :
|b Routledge,
|c 2004.
|
| 300 |
|
|
|a xvii, 400 p. :
|b ill., maps.
|
| 490 |
1 |
|
|a Roman imperial biographies
|
| 504 |
|
|
|a Includes bibliographical references (p. 372-391) and index.
|
| 505 |
0 |
|
|a The subject & the ancient sources -- The imperial crisis & the Illyrian emperors -- The First Tetrarchy & the Caesar's son -- The Gallic emperor & the dying persecutors -- The Italian campaign & Constantine's conversion -- Religious concerns & apostolic Rome -- The eastern Crusade & the Nicene Council -- The dynastic tragedy & Helena's pilgrimage -- Imperial concerns & Christian Constantinople -- The final campaigns & the emperor's heirs -- The thirteenth apostle & the Christian empire -- The legacy & modern interpretations.
|
| 530 |
|
|
|a Also available in print edition.
|b CRC Press (http://www.crcpress.com)
|
| 538 |
|
|
|a Mode of access: World Wide Web.
|
| 600 |
0 |
0 |
|a Constantine
|b I,
|c Emperor of Rome,
|d d. 337.
|
| 650 |
|
0 |
|a Emperors
|z Rome
|v Biography.
|
| 650 |
|
0 |
|a Church history
|y Primitive and early church, ca. 30-600.
|
| 651 |
|
0 |
|a Rome
|x History
|y Constantine I, the Great, 306-337.
|
| 655 |
|
7 |
|a Electronic books.
|2 lcsh
|
| 776 |
1 |
|
|z 9780415174855
|
| 830 |
|
0 |
|a Roman imperial biographies.
|
| 856 |
4 |
0 |
|u http://www.tandfebooks.com/isbn/9780203449950
|z Full Text via HEAL-Link
|